Londres ou Paris ? - Statistiques

Statistiques générales
  • Ce quiz a été pris 363 fois
  • Le résultat moyen est 7 sur 10
Statistiques - réponses
Question Réponse % Correct
La plus grande (superficie): Londres
89%
Abrite le plus de clubs professionnels de football: Londres
89%
Dont le pays est le plus visité par les touristes en moyenne par an: Paris
88%
Dont le pays est frontalier avec le Brésil: Paris
84%
La plus ancienne (date de fondation): Paris
75%
Capitale du pays depuis le plus longtemps (sans interruption): Londres
71%
La plus peuplée (intra-muros): Londres
65%
A vu naître Emma Watson: Paris
63%
Est la plus proche du Havre : Paris
42%
Abrite le plus de rats (estimation): Londres
11%
Aucun quiz correspondant
Distribution des résultats
% des personnes avec chaque résultat
Percentile par nombre de réponses
Votre historique - résultats
Vous n’avez pas pris ce quiz